Peón aislado (notice nᵒ 5238)
[ vue normale ]
| 000 -Sello discográfico | |
|---|---|
| campo de control de longitud fija | 01074nam a2200289 4500 |
| 005 - Identificación de versión | |
| campo de control | 20251016084432.0 |
| 010 ## - Número Estándar Internacional de Libros (ISBN) | |
| Número (ISBN) | 970-32-3478-X |
| 035 ## - Otros números de control del sistema | |
| Número de control del sistema | 33209 |
| 099 ## - fechas locales | |
| Tipo de ítem Koha | LIBRO |
| 100 ## - Datos de procesamiento general | |
| Datos de procesamiento general | 20111020d2006 m y0spay5003 ba |
| 105 ## - Campo de datos codificados: Material textual, monográfico | |
| Datos codificados de monografía | y 001zy |
| 200 1# - Título y mención de responsabilidad | |
| Título propio | Peón aislado |
| Designación general del material | texto impreso |
| Otra información del título | ensayos sobre ajedrez |
| Primer mención de responsabilidad | Luis Ignacio Helguera |
| 205 ## - Declaración de edición | |
| Declaración de edición | 1a ed |
| 210 ## - Publicación, distribución, etc. | |
| Lugar de publicación, distribución, etc. | México |
| Nombre del editor, distribuidor, etc. | DGE Ediciones |
| -- | Universidad Nacional Autónoma de México |
| Fecha de publicación, distribución, etc. | 2006 |
| 215 ## - Descripción física | |
| Designación de material específico y extensión del ítem | 103 p |
| Dimensiones | 21cm |
| 345 ## - Nota de información de adquisición | |
| Fuente de adquisición/dirección de la suscripción [OBSOLETO] | Donación 'Salon du Livre 2009' |
| 410 #1 - Series | |
| Título | Colección Pértiga |
| 606 ## - Término temático usado como materia | |
| Elemento de entrada | Ajedrecistas |
| Subdivisión temática | Biografía |
| Número Koha | 10391 |
| 700 ## - Nombre personal - Responsabilidad primaria | |
| Elemento de entrada | Helguera Lizalde |
| Parte del nombre distinta del elemento de entrada | Luis Ignacio |
| Fechas | 1962-2003 |
| Número Koha | 10392 |
| 801 #0 - Fuente de origen | |
| País | FR |
| Agencia | cm |
| Reglas de catalogación (convenciones descriptivas) | AFNOR |
| 856 4# - Localización electrónica y acceso | |
| Identificador Uniforme de Recurso | http://books.google.fr/books?id=YS2tM2OprrIC&printsec=frontcover&dq=peón+aislado&hl=fr&ei=pPufTqfYFJC58gPs8dzYBQ&sa=X&oi=book_result&ct=result&resnum=1&ved=0CC4Q6AEwAA#v=onepage&q&f=false |
| 900 ## - | |
| -- | 1/20699 |
| 942 ## - ELEMENTOS DE ENTRADA SECUNDARIOS (KOHA) | |
| Tipo de ítem Koha | Livre |
| 996 ## - | |
| -- | MEX |
| -- | 751145101 |
| -- | MMAG |
| -- | 000606 |
| -- | 794.1 H474P |
| -- | 20111020LIV |
| Estatus retirado | Estado de daño | Estado de pérdida | Fecha de adquisición | Biblioteca de origen | Biblioteca actual | Ubicación en estantería | Código de barras | Precio de reemplazo | Signatura topográfica completa | No para préstamo | Tipo de ítem Koha | Nota pública | Nota no pública |
|---|---|---|---|---|---|---|---|---|---|---|---|---|---|
| 05/08/2025 | Casa México Paris | Casa México Paris | 000606 | 05/08/2025 | 794.1 H474P | Livre | 20111020LIV | 751145101 |